Las palabras y las cosas: una arqueología de las ciencias humanas

Gespeichert in:
Bibliographische Detailangaben
1. Verfasser: Foucault, Michel (VerfasserIn)
Format: Buch
Sprache:Spanisch
Veröffentlicht: Buenos Aires Siglo XXI 2008
Ausgabe:2a. ed
Schriftenreihe:Biblioteca de Siglo Veintiuno
Schlagworte:
Tags: Tag hinzufügen
Keine Tags, Fügen Sie den ersten Tag hinzu!

MARC

LEADER 00000cam a2200000 a 4500
001 UCF6917
003 CL-VaPUC
008 130530e20080000AG |||||||||||||||||spa|d
020 |a 9789876290500 
082 0 4 |a 401  |b FOU  |2 21 
100 |a Foucault, Michel  |e author  |9 257945 
245 1 4 |a Las palabras y las cosas: una arqueología de las ciencias humanas 
250 |a 2a. ed 
300 |a 398 p 
942 |c BK 
945 |d 20130530 00:00:00  |a cmena 
260 |a Buenos Aires  |b Siglo XXI  |c 2008 
650 0 |a Filosofía francesa   |9 255698 
650 0 |a Filosofía del lenguaje  |9 257082 
650 0 |a Análisis del discurso  |9 256696 
583 |a last modification  |c 20130530 09:49:00  |k Rodrigo Vera 
490 0 |a Biblioteca de Siglo Veintiuno 
999 |c 351912  |d 351910 
952 |0 0  |1 0  |4 0  |6 401_000000000000000_FOU_2008  |7 0  |8 R  |9 456331  |a BIBGIM  |b BIBGIM  |d 2019-11-22  |i 4976622  |l 6  |m 4  |o 401 FOU 2008  |p 4976622  |r 2025-03-31  |s 2025-03-17  |w 2019-11-22  |y BK_R  |k SSL 
952 |0 0  |1 0  |3 erb  |4 0  |6 401_000000000000000_FOU_2008  |7 0  |8 R  |9 456332  |a BIBGIM  |b BIBGIM  |d 2019-11-22  |i 5009405  |l 7  |o 401 FOU 2008  |p 5009405  |r 2025-03-17  |s 2025-03-12  |w 2019-11-22  |y BK_R  |z Catalogado en:20130906  |k SSL 
952 |0 0  |1 0  |3 erb  |4 0  |6 401_000000000000000_FOU_2008  |7 0  |8 R  |9 456333  |a BIBGIM  |b BIBGIM  |d 2019-11-22  |i 5009413  |l 5  |m 3  |o 401 FOU 2008  |p 5009413  |r 2025-03-21  |s 2025-03-12  |w 2019-11-22  |y BK_R  |z Catalogado en:20130906  |k SSL 
952 |0 0  |1 0  |3 erb  |4 0  |6 401_000000000000000_FOU_2008  |7 0  |8 R  |9 456334  |a BIBGIM  |b BIBGIM  |d 2019-11-22  |i 5009421  |l 5  |m 3  |o 401 FOU 2008  |p 5009421  |r 2025-03-17  |s 2025-03-12  |w 2019-11-22  |y BK_R  |z Catalogado en:20130906  |k SSL 
952 |0 0  |1 0  |2 ddc  |3 erb  |4 0  |6 401_000000000000000_FOU_2008  |7 0  |8 A  |9 456335  |a BIBING  |b BIBING  |c RES  |i 5095794  |o 401 FOU 2008  |p 5095794  |r 2025-01-20  |w 2019-11-22  |y BK  |z Catalogado en:20140829  |k GEO 
952 |0 0  |1 0  |2 ddc  |3 erb  |4 0  |6 401_000000000000000_FOU_2008  |7 0  |8 A  |9 456336  |a BIBING  |b BIBING  |c GEN  |i 5147387  |o 401 FOU 2008  |p 5147387  |r 2025-01-20  |w 2019-11-22  |y BK  |z Catalogado en:20150430  |k GEO